| 000 | 00476nam a22001817a 4500 | ||
|---|---|---|---|
| 003 | CEME | ||
| 005 | 20210628210451.0 | ||
| 008 | 210201b xxu||||| |||| 00| 0 eng d | ||
| 020 | _a81-297-0221-5 | ||
| 040 | _c. | ||
| 082 | _a621.381536 WIL | ||
| 100 |
_aWilson, Stephen G _979495 |
||
| 245 | _aDigital modulation and coding | ||
| 260 |
_aINDIA _bPEARSON EDUCATION ASIA _c2003 |
||
| 300 | _aXVI,677P | ||
| 650 |
_aDIGITAL MODULATION AND CODING _979496 |
||
| 942 |
_cBK _2ddc |
||
| 999 |
_c584535 _d584535 |
||